Daňové výdavky a nedaňové výdavky obce
Výsledok hospodárenia obce pred zdanením vykázaný v účtovnej závierke slúži ako vstupný údaj pre daňovú analýzu nákladov a výnosov. Výsledný základ dane je odlišný od účtovného výsledku (nie všetky výdavky sú daňovo uznané). Dôvodom je nejednotný prístup k posudzovaniu výdavkov a príjmov z účtovného...
Gespeichert in:
| 1. Verfasser: | |
|---|---|
| Format: | Buchkapitel |
| Sprache: | Slowakisch |
| Schlagworte: | |
| Tags: |
Keine Tags, Fügen Sie das erste Tag hinzu!
|
MARC
| LEADER | 00000nla a2200000 4500 | ||
|---|---|---|---|
| 001 | 0176549 | ||
| 005 | 20240502073017.7 | ||
| 041 | 0 | |a slo | |
| 044 | |a SK | ||
| 245 | 1 | 0 | |a Daňové výdavky a nedaňové výdavky obce |c Ingrid Šabíková |
| 520 | |a Výsledok hospodárenia obce pred zdanením vykázaný v účtovnej závierke slúži ako vstupný údaj pre daňovú analýzu nákladov a výnosov. Výsledný základ dane je odlišný od účtovného výsledku (nie všetky výdavky sú daňovo uznané). Dôvodom je nejednotný prístup k posudzovaniu výdavkov a príjmov z účtovného a daňového hľadiska. | ||
| 610 | 2 | 0 | |a obce |
| 610 | 2 | 0 | |a výdavky daňové |
| 610 | 2 | 0 | |a výdavky |
| 610 | 2 | 0 | |a evidencia účtovná |
| 610 | 2 | 0 | |a výsledok hospodársky |
| 100 | 1 | |a Šabíková, Ingrid | |